The Circular Economy as a Driver to Sustainable Businesses in Slovakia

Podstata obehového hospodárstva - recyklácia a opätovné použitie materiálov a produktov a tým pádom minimalizácia množstva vznikajúceho odpadu. Snaha o zvýšenie povedomia o téme obehového hospodárstva v podmienkach Slovenskej republiky.

Salvato in:
Dettagli Bibliografici
Autore principale: Repiská, Radka, 1996-
Natura: Capitolo di libro
Lingua:inglese
Soggetti:
Tags: Aggiungi Tag
Nessun Tag, puoi essere il primo ad aggiungerne!!

MARC

LEADER 00000naa$a2200000$$$4500
001 0289985
005 20240502083934.2
041 0 |a eng 
044 |a CZ 
245 1 0 |a The Circular Economy as a Driver to Sustainable Businesses in Slovakia  |c Radka Repiská 
520 |a Podstata obehového hospodárstva - recyklácia a opätovné použitie materiálov a produktov a tým pádom minimalizácia množstva vznikajúceho odpadu. Snaha o zvýšenie povedomia o téme obehového hospodárstva v podmienkach Slovenskej republiky. 
610 2 0 |a hospodárstvo obehové 
610 2 0 |a hospodárstvo odpadové 
610 2 0 |a rozvoj trvalo udržateľný 
610 2 0 |a podnikanie 
610 2 0 |a Slovensko 
100 1 |a Repiská, Radka, 1996-